Guess the Dragon Priests Name from Skyrim - Statistics

General Stats
  • This quiz has been taken 282 times
    253 since last reset
  • The average score is 7 of 13
Answer Stats
Resting Place Name % Correct
Shearpoint, Skyrim Krosis
71%
Apocrypha, Oblivion Miraak
71%
Bromjunaar, Skyrim Morokei
60%
Volskygge, Skyrim Volsung
57%
Skuldafn, Skyrim Nahkriin
54%
High Gate Ruins, Skyrim Vokun
52%
Ragnvald, Skyrim Otar the Mad
50%
Kolbjorn Barrow, Solstheim Ahzidal
49%
Forelhost, Skyrim Rahgot
47%
Valthume, Skyrim Hevnoraak
46%
Bloodskal Barrow, Solstheim Zahkriisos
33%
Vahloks Tomb, Solstheim Vahlok the Jailor
32%
White Ridge Barrow, Solstheim Dukaan
28%
No matching quizzes found
Score Distribution
Percent of People with Each Score
Percentile by Number Answered
Your Score History
You have not taken this quiz since the last reset